Same but different #10 - Statistics

General Stats
  • This quiz has been taken 23 times
  • The average score is 10 of 15
Answer Stats
Clues Answer % Correct
A number two in a pack of cards, or 40-all in tennis Deuce
90%
Drinking vessels, or, spectacles Glasses
90%
Past tense of see, or a workmans tool Saw
90%
David, songwriter, or be guardian a child, usually on a temporary basis, sometimes for a local authority Foster
81%
A punctuation point, or, ammunition for a gun Bullet
76%
Hairstyle of schoolmistresses, or a small cake Bun
76%
Small or tiny, but, also a car manufacturer, producing the Cooper Sport Mini
76%
A formal jacket and trousers (or skirt), or, whether something is 'right' for you etc Suit
76%
Criminal offence, usually paired with assault, alternatively, also a potential energy source Battery
71%
Used when you get a flat tyre, or, a knave Jack
71%
Predatory verb, internet related, or, the person who tends to a horse Groom
62%
Dispenses beer, on draught, but, is also a form of dance Tap
48%
Present day, or an electrical charge Current
24%
A gift of money, that doesn't have to be repaid, or enabling something Grant
19%
Liquid formation, such as medicines, or, the cessation of something, permanently or temporarily Suspension
10%
No matching quizzes found
Score Distribution
Percent of People with Each Score
Percentile by Number Answered
Your Score History
You have not taken this quiz